000 00644 a2200241 4500
020 _a81-315-0374-7
041 _aEng
082 _a332.6
_bR273i
100 _aReilly, Frank K.
_913217
100 _aBrown, Keith C.
_913218
245 _aInvestment analysis and portfolio management
250 _a8th ed.
260 _aAustralia :
_bThomson,
_c2006.
300 _axxvii, 1174p.
504 _aBibliography : p. 1106-1131
518 _a2011-01-25
530 _aM
650 _aPortfolio management
_913219
650 _aFinancial statement
_95642
650 _aStock market
_91713
653 _aInvestment analysis
942 _2ddc
_cGEN
999 _c55758
_d55754